Estatísticas para Países que começam com T

Clique aqui para jogar o quiz

Estatísticas Gerais

  • Esse quiz foi jogado 31 243 vezes
  • A pontuação média é 8 de 12

Estatísticas das Respostas

País% Correto
Turquia
94%
Tunísia
78%
Turquemenistão
76%
Tailândia
75%
Tanzânia
63%
Togo
61%
Tajiquistão
60%
Tuvalu
58%
Trinidad e Tobago
56%
Tonga
54%
Taiwan
52%
Timor Leste
47%

Distribuição das Pontuações

Percentil de Números Respondidos

Porcentagem de Pessoas com Cada Pontuação

Sua Pontuação Histórica

Você não jogou esse quiz